Chemical reactions in electric pulse dispersion of iron in aqueous solutions; Russian Journal of Applied Chemistry; Vol. 81, iss. 5

Dades bibliogràfiques
Parent link:Russian Journal of Applied Chemistry: Scientific Journal
Vol. 81, iss. 5.— 2008.— [P. 803-809]
Altres autors: Danilenko N. B. Nina Borisovna, Savel'ev G. G., Yavorovsky N. A. Nikolay Aleksandrovich, Yurmazova T. A. Tatyana Aleksandrovna
Sumari:Title screen
IR spectroscopy, X-ray phase, chemical, kinetic, and thermodynamic analyses were used to determine the nature of chemical reactions occurring in electric pulse dispersion of a metal (Fe) in aqueous solutions of inorganic substances (MnSO4, NaH2AsO4, H3AsO3, K2Cr2O7).
Режим доступа: по договору с организацией-держателем ресурса
Idioma:anglès
Publicat: 2008
Matèries:
Accés en línia:http://link.springer.com/article/10.1134%2FS1070427208050157
Format: MixedMaterials Electrònic Capítol de llibre
KOHA link:https://koha.lib.tpu.ru/cgi-bin/koha/opac-detail.pl?biblionumber=638349

MARC

LEADER 00000naa0a2200000 4500
001 638349
005 20250131112502.0
035 |a (RuTPU)RU\TPU\network\2658 
090 |a 638349 
100 |a 20150114d2008 k||y0rusy50 ba 
101 0 |a eng 
102 |a RU 
135 |a drnn ---uucaa 
181 0 |a i  
182 0 |a b 
200 1 |a Chemical reactions in electric pulse dispersion of iron in aqueous solutions  |d Химические реакции, протекающие при электроимпульсном диспергировании железа в водных растворах  |f N. B. Danilenko [et al.] 
203 |a Text  |c electronic 
300 |a Title screen 
320 |a [References: p. 809 (16 tit.)] 
330 |a IR spectroscopy, X-ray phase, chemical, kinetic, and thermodynamic analyses were used to determine the nature of chemical reactions occurring in electric pulse dispersion of a metal (Fe) in aqueous solutions of inorganic substances (MnSO4, NaH2AsO4, H3AsO3, K2Cr2O7). 
333 |a Режим доступа: по договору с организацией-держателем ресурса 
461 |t Russian Journal of Applied Chemistry  |o Scientific Journal 
463 |t Vol. 81, iss. 5  |v [P. 803-809]  |d 2008 
510 1 |a Химические реакции, протекающие при электроимпульсном диспергировании железа в водных растворах  |z rus 
610 1 |a электронный ресурс 
610 1 |a труды учёных ТПУ 
701 1 |a Danilenko  |b N. B.  |c chemist  |c associate Professor of Tomsk Polytechnic University, candidate of chemical Sciences  |f 1982-  |g Nina Borisovna  |3 (RuTPU)RU\TPU\pers\33302  |9 17047 
701 1 |a Savel'ev  |b G. G. 
701 1 |a Yavorovsky  |b N. A.  |c physicist  |c Head of the laboratory of Tomsk Polytechnic University, Candidate of technical sciences  |f 1941-  |g Nikolay Aleksandrovich  |3 (RuTPU)RU\TPU\pers\31935 
701 1 |a Yurmazova  |b T. A.  |c chemist  |c associate Professor of Tomsk Polytechnic University, candidate of chemical Sciences  |f 1950-  |g Tatyana Aleksandrovna  |3 (RuTPU)RU\TPU\pers\33294 
801 2 |a RU  |b 63413507  |c 20150123  |g RCR 
856 4 |u http://link.springer.com/article/10.1134%2FS1070427208050157 
942 |c CF